书目信息 |
| 题名: |
报告文学
|
|
| 作者: | ;中国作家协会农村读物工作委员会 编 | |
| 分册: | 第一集 | |
| 出版信息: | 北京 作家出版社 1963.2 |
|
| 页数: | 239页 | |
| 开本: | 20cm | |
| 丛书名: | ||
| 单 册: | ||
| 中图分类: | I252 | |
| 科图分类: | ||
| 主题词: | 报告文学--中国 , 传记文学--中国 | |
| 电子资源: | ||
| ISBN: | ||
| 000 | 00663nam0 2200217 45 | |
| 001 | 0303251514 | |
| 005 | 20031219104107.6 | |
| 010 | @dCNY0.86 | |
| 091 | @a10020.1735 | |
| 100 | @a20030325d1963 km y0chiy0120 ea | |
| 101 | 0 | @achi |
| 105 | @a z 000ay | |
| 200 | 1 | @a报告文学@h第一集@ABao Gao Wen Xue@f中国作家协会农村读物工作委员会编@FZhong Guo Zuo Jia Xie Hui Nong Cun Du Wu Gong Zuo Wei Yuan Hui Bian |
| 210 | @a北京@c作家出版社@d1963.2 | |
| 215 | @a239页@d20cm | |
| 606 | 0 | @a报告文学@x中国 |
| 606 | 0 | @a传记文学@x中国 |
| 690 | @aI252@v3 | |
| 711 | 02 | @a中国作家协会农村读物工作委员会@4编 |
| 801 | @aCN@bTSTC@c20030325 | |
| 905 | @f1@b15759@dI252@e31:1 | |
| 报告文学.第一集/中国作家协会农村读物工作委员会编.-北京:作家出版社,1963.2 |
| 239页;20cm |
| ISBN :CNY0.86 |
| ● |
| 相关链接 |
|
|
|
|
正题名:报告文学
索取号:I252/31:1
 
预约/预借
| 序号 | 登录号 | 条形码 | 馆藏地/架位号 | 状态 | 备注 |
| 1 | 0015759 | 001772638 | 第一样本阅览室/ [索取号:I252/31:1] | 在馆 |